Проза / (Record no. 284086)
[ view plain ]
| 000 -LEADER | |
|---|---|
| fixed length control field | 01262nam a2200217 u 4500 |
| 001 - CONTROL NUMBER | |
| control field | 000775178 |
| 003 - CONTROL NUMBER IDENTIFIER | |
| control field | AM-YeHGA |
| 005 - DATE AND TIME OF LATEST TRANSACTION | |
| control field | 20250618073844.0 |
| 008 - FIXED-LENGTH DATA ELEMENTS--GENERAL INFORMATION | |
| fixed length control field | 101130s1984 ru |||||||||||||||||rus|c |
| 040 ## - CATALOGING SOURCE | |
| Original cataloging agency | AM-YeHGA |
| 041 0# - LANGUAGE CODE | |
| Language code of text/sound track or separate title | rus |
| 090 ## - LOCALLY ASSIGNED LC-TYPE CALL NUMBER (OCLC); LOCAL CALL NUMBER (RLIN) | |
| -- | 285748 |
| 100 1# - MAIN ENTRY--PERSONAL NAME | |
| Personal name | Пушкин, Александр Сергеевич |
| Dates associated with a name | 1799-1837 |
| 9 (RLIN) | 8888 |
| 245 10 - TITLE STATEMENT | |
| Title | Проза / |
| Statement of responsibility, etc. | А.С. Пушкин ; Сост. и коммент. С.Г. Бочарова ; Худож. Б. Диодоров. |
| 260 ## - PUBLICATION, DISTRIBUTION, ETC. | |
| Place of publication, distribution, etc. | Москва : |
| Name of publisher, distributor, etc. | Сов. Россия, |
| Date of publication, distribution, etc. | 1984. |
| 300 ## - PHYSICAL DESCRIPTION | |
| Extent | 464 с. ; |
| Dimensions | 19 см. |
| 505 00 - FORMATTED CONTENTS NOTE | |
| Formatted contents note | Арап Петра Великого ; Гости съезжались на дачу ; Роман в письмах ; Повести покойного Ивана Петровича Белкина ; История села Горюхина ; Рославлев ; Дубровский ; Пиковая дама ; Кирджали ; Путешествие в Арзрум во время похода 1829 года ; Египетские ночи ; Капитанская дочка |
| 650 14 - SUBJECT ADDED ENTRY--TOPICAL TERM | |
| Topical term or geographic name entry element | Русская художественная литература |
| 700 1# - ADDED ENTRY--PERSONAL NAME | |
| Personal name | Бочаров, С.Г. |
| Relator term | сост. |
| Relationship | com |
| 700 1# - ADDED ENTRY--PERSONAL NAME | |
| Personal name | Диодоров, Б. |
| Relator term | худож. |
| Relationship | art |
| Withdrawn status | Lost status | Damaged status | Not for loan | Collection | Home library | Current library | Date acquired | Total checkouts | Full call number | Barcode | Date last seen | Price effective from | Koha item type | Public note |
|---|---|---|---|---|---|---|---|---|---|---|---|---|---|---|
| General | Fundamental Scientific Library | Fundamental Scientific Library | 29/12/2016 | PII/521256 | FL0195419 | 29/12/2016 | 29/12/2016 | Գրքեր / Books | 30 Days Loan |
ՀՀ Գիտությունների ազգային ակադեմիայի հիմնարար գիտական գրադարան = Fundamental Scientific Library of NAS RA
All site content, except where otherwise noted, is licensed under a